Statistics for Soccer Player by Country - Bundesliga Edition

Click here to take the quiz!

General Stats

  • This quiz has been taken 891 times
    (871 since last reset)
  • The average score is 13 of 15

Answer Stats

TeamNameCountry% Correct
Borussia MonchengladbachThorgan HazardBelgium
97%
FC SchalkeCokeSpain
96%
Bayer LeverkusenHakan CalhanogluTurkey
96%
Borussia DortmundOusmane DembeleFrance
95%
FC SchalkeKlaas-Jan HuntelaarNetherlands
94%
FC WolfsburgDaniel CaligiuriItaly
93%
Bayer LeverkusenJavier HernandezMexico
92%
Hertha BerlinJohn BrooksUSA
92%
Borussia MonchengladbachJannik VestergaardDenmark
91%
Bayer LeverkusenWendellBrazil
87%
FC AusburgAlfred FinnbogasonIceland
87%
Hamburg SVAlen HalilovicCroatia
86%
Werder BremenClaudio PizarroPeru
77%
Hertha BerlinSolomon KalouIvory Coast
70%
Borussia DortmundAdrian RamosColombia
66%

Score Distribution

Percentile by Number Answered

Percent of People with Each Score

Your Score History

You have not taken this quiz since the last reset